Психология управления: электронный курс

Библиографические подробности
Главный автор: Иванкина Л. И. Любовь Ивановна
Автор-организация: Национальный исследовательский Томский политехнический университет (ТПУ) Институт социально-гуманитарных технологий (ИСГТ) Кафедра менеджмента (МЕН)
Примечания:Заглавие с экрана
Психологическая подготовка современных руководителей к применению в практической деятельности знаний и технологий, направленных на повышение эффективности управленческой деятельности. Формирование системных представлений и понимания психологической сущности управленческой деятельности. Овладение основными социально-психологическими методами управления. Развитие мотивации личностного роста.
Доступ по логину и паролю
Язык:русский
Опубликовано: Томск, TPU Moodle, 2014
Предметы:
Online-ссылка:https://design.lms.tpu.ru/course/view.php?id=182
Формат: Электронный ресурс Книга
Запись в KOHA:https://koha.lib.tpu.ru/cgi-bin/koha/opac-detail.pl?biblionumber=651600

MARC

LEADER 00000nlm0a2200000 4500
001 651600
005 20231102025811.0
035 |a (RuTPU)RU\TPU\network\16849 
035 |a RU\TPU\network\16848 
090 |a 651600 
100 |a 20161116d2014 m y0rusy50 ca 
101 0 |a rus 
102 |a RU 
105 |a a j 000zy 
135 |a jrcn ---uucaa 
181 0 |a i  
182 0 |a b 
200 1 |a Психология управления  |e электронный курс  |f Л. И. Иванкина  |g Национальный исследовательский Томский политехнический университет (ТПУ), Институт социально-гуманитарных технологий (ИСГТ), Кафедра менеджмента (МЕН) 
203 |a Текст  |c электронный 
210 |a Томск  |c TPU Moodle  |d 2014 
230 |a Электрон. дан. 
300 |a Заглавие с экрана 
330 |a Психологическая подготовка современных руководителей к применению в практической деятельности знаний и технологий, направленных на повышение эффективности управленческой деятельности. Формирование системных представлений и понимания психологической сущности управленческой деятельности. Овладение основными социально-психологическими методами управления. Развитие мотивации личностного роста. 
333 |a Доступ по логину и паролю 
606 1 |a Психология управления  |2 stltpush  |3 (RuTPU)RU\TPU\subj\53144  |9 71494 
610 1 |a электронный ресурс 
610 1 |a труды учёных ТПУ 
610 1 |a электронное обучение 
610 1 |a электронные курсы ТПУ 
610 1 |a психология управления 
610 1 |a управленческая психология 
610 1 |a менеджмент 
610 1 |a организации 
610 1 |a лидерство 
610 1 |a управление 
610 1 |a организационная психология 
610 1 |a управленческая деятельность 
610 1 |a менеджеры 
610 1 |a лидеры 
610 1 |a руководители 
610 1 |a электронные учебные пособия 
610 1 |a учебные пособия 
686 |a Ю954  |2 rubbk 
700 1 |a Иванкина  |b Л. И.  |c специалист в области философии, социологии и психологии образования  |c профессор Томского политехнического университета, доктор философских наук  |f 1956-  |g Любовь Ивановна  |2 stltpush  |3 (RuTPU)RU\TPU\pers\25426 
712 0 2 |a Национальный исследовательский Томский политехнический университет (ТПУ)  |b Институт социально-гуманитарных технологий (ИСГТ)  |b Кафедра менеджмента (МЕН)  |h 150  |2 stltpush  |3 (RuTPU)RU\TPU\col\18855 
801 2 |a RU  |b 63413507  |c 20211202  |g RCR 
856 4 |u https://design.lms.tpu.ru/course/view.php?id=182 
942 |c CF